01012nam a2200193 a 450000100100000000500170001000800410002702000180006810000250008624501660011126001150027730000200039270000430041295201110045595201170056695201050068399900170078804000130080500003999020201002033842.0130802s2010 mx 000 0 spa d a97860702203951 aCaso, Antonio94111213aLa Oda a la Música :bdiscurso de ingreso a la Academia Mexicana de la Lengua, 4 de enerode 1921 /cAntonio Caso ; respuesta de José López Portillo y Roja. aMéxico :bDirección General de Publicaciones y Fomento Editorial :bAcademia Mexicana de la Lengua,c2010. a62 p. ;c18 cm.1 aPortillo y Roja, José López966216 001050718MOaGRbGRcCTd2013-08-02iLF1l0o p39990-10r2020-06-25te. 2w2020-06-25y1ZNo se presta 001052708MOaGRbGRcCTd2013-08-02iLF1l0o p39990-20r2020-06-25te. 3w2020-06-25y2ZPréstamo interno 001050718MOaGRbGRcCTd2013-08-02iLF1l0o p39990-30r2020-06-25w2020-06-25y1ZNo se presta c39480d39480 aDO-SdBNP